[Event "Match 81__120'/40"]
[Site "Zürich"]
[Date "2025.??.??"]
[Round "50"]
[White "Fidelity Excel Mach III"]
[Black "Scorpio 68000 sel. 4"]
[Result "1-0"]
[Annotator "27,5-22,5 for Mach III"]
[WhiteElo "2020"]
[BlackElo "2043"]
[PlyCount "68"]
[EventDate "2025.??.??"]

{[%evp 0,68,26,-18,-9,-13,12,12,9,6,25,36,13,10,10,6,15,29,32,35,36,35,35,29,35,18,29,-14,-12,-26,31,23,39,39,37,51,34,11,36,66,199,189,219,219,219,241,228,189,196,239,240,240,249,201,250,250,267,312,329,334,333,345,345,336,604,609,1438,409,1397,1825,1627]} 1. b3 d5 {Match 120'/40 | Bediener: Rolf Bühler | Kommentator: Kurt Utzinger | 50. Partie: Weiss (Mach III) gewinnt | ENDSTAND: 27,5-22,5 (55%) für Mach III | Stand hypothetisch: 27,5-22,5 (55%) für Mach III | Eröffnung: Nimzowitsch/Larsen Eröffnung 1.b3. Weshalb ChessBase diese Eröffnung als Réti System 1.Sf3 d5 bezeichnet, könnte nur der Software Entwickler beantworten. | Buchzüge: 4 von Scorpio 68000 sel.4 und 2 von Mach III | Partieverlauf: Bereits mit 16...0-0-0? begeht der Scorpio 68000 sel. 4 Selbstmord und gerät in einen tödlichen Angriff. Der Mach III macht trotz kleinen Umwegen dann kurzen Prozess und gewinnt in 34 Zügen auch noch die letzte Partie dieses Matches.} 2. Bb2 {***ENDE BUCH***} c5 3. e3 Nc6 4. Nf3 Bg4 {***ENDE BUCH***} 5. Bb5 Nf6 6. O-O e6 7. h3 Bxf3 8. Qxf3 a6 {Kein Fehler, aber nicht logisch und unnötig. Wenn Schwarz bereit ist, den Gegner Lxc6 spielen zu lassen, hätte er sinnvollerweise den Entwicklungszug 8...Le7 machen können. Und wenn er das verhindern wollte, bot sich 8...Tc8 an.} 9. Bxc6+ bxc6 10. Qg3 Ne4 11. Qg4 Nf6 12. Qg5 {Weiss geht der Zugwiederholung aus dem Weg.} Rg8 13. Na3 Be7 14. Qh4 Rh8 15. Qa4 Qb6 $14 {Weiss steht leicht besser.} 16. c4 $14 {[#]} O-O-O $2 $18 {***SELBSTMORD*** ist diese lange Rochade.} 17. cxd5 cxd5 18. Bc3 {Eine gute Fortsetzung, die La5 mit Eroberung der schwarzen Qualität droht. Indessen war 18.b4! nicht nur deutlich stärker, sondern schlicht ein Gewinnzug.} ({PROMENADE-bmi2:} 18. b4 $1 {Bewertung: 5.05(100%)/50} c4 (18... cxb4 19. Rfc1+ Kb8 (19... Kb7 20. Bd4 $18) 20. Rc6 Qb7 21. Be5+ Bd6 (21... Ka8 22. Rxa6+ Qxa6 23. Qxa6#) 22. Bxd6+ Rxd6 23. Rxd6 $18) 19. d3 Rd7 20. Be5 Bd6 21. Bxd6 Qxd6 22. dxc4 Rc7 23. Rac1 Kd8 24. b5 a5 25. Qxa5 Ke7 26. b6 Rc5 27. Nb5 Nd7 28. cxd5 Rb8 29. Rxc5 Qxc5 30. dxe6 fxe6 31. Rd1 Rxb6 32. Qa7 Qxb5 33. Rxd7+ Qxd7 34. Qxb6 Qd1+ 35. Kh2 Qc2 36. Qd4 g5 37. Qg7+ Ke8 38. Qxg5 Qxf2 39. Qg8+ Kd7 40. Qxh7+ Kc8 41. Qg8+ Kd7 42. Qg7+ Ke8 43. Qg6+ Kf8 44. Qh6+ Kg8 45. a4 Qa2 46. Qg5+ Kh7 47. a5 Qb3 48. Qh5+ Kg7 49. Qe5+ Kf7 {[%eval 505,50] [%wdl 1000,0,0]}) 18... Rdg8 19. Rab1 {Schneller geht Schwarz nach 19.b4 oder 19.Tfc1 unter.} Ne4 {Dass hier 19...Kb7 weniger ungünstig war, spielt keine grosse Rolle mehr.} 20. Ba5 Qd6 21. d3 Nf6 22. b4 $1 {Nun hat der Mach III offenbar Blut gerochen.} Qd7 23. Qc2 c4 {Es gab keine Rettung mehr für Schwarz.} 24. dxc4 Kb8 (24... dxc4 25. b5 $1 Bxa3 26. bxa6 Qc6 27. Rb6 $18 {und gewinnt}) 25. c5 Rc8 26. Qd3 Ka7 27. Bb6+ Kb7 28. b5 $1 {Der Mach III in seinem Element.} Bxc5 29. bxa6+ Ka8 30. Bxc5 Rxc5 31. Rb7 Rc7 32. Rfb1 e5 33. R1b6 Qe7 34. Nb5 {Weiss hat Mattangriff.} Rc1+ {***AUFGEGEBEN***} 1-0